000 00970nam a22003257a 4500
003 CHAP
005 20220329143600.0
008 100720s1995 us a r 00010 eng d
010 _a98833
011 _a99805
020 _a0023551003
035 _a110491
040 _cCHAP
082 0 4 _a540
_bH550 1995
100 0 0 _aHill, John William.
_955430
245 1 0 _aChemistry for changing times
_c/por John W. Hill y Doris K. Kolb
250 _a7 ed.
260 _aNew Jersey :
_bPrentice Hall,
_c1995
300 _axxiii, 720 p. :
_bilus.
590 _aBATCH-UPD
_b10
_c20130110
_lUCH01
_h1511
590 _aBATCH-UPD
_b10
_c20130410
_lUCH01
_h0928
590 _aBATCH-UPD
_b10
_c20130914
_lUCH01
_h1617
590 _aCONVERSION
_b10
_c20130109
_lUCH01
_h1355
650 1 4 _aQuĂ­mica.
_993552
700 0 _aKolb, Doris K.
_963657
901 _aBK
911 _aen proceso
942 _cLIBRO
949 _a540 H550 1995
_bBC
_cLIBRO
_d33724002172710
_eLIBRO
_h112830
_i110491
_sb
999 _c98833
_d98833